Heat and mass transfer (Record no. 5861)

000 -LEADER
fixed length control field 00529nam a2200205 4500
001 - CONTROL NUMBER
control field 5861
003 - CONTROL NUMBER IDENTIFIER
control field BD-DhUET
008 - FIXED-LENGTH DATA ELEMENTS--GENERAL INFORMATION
fixed length control field 700409m19679999is a b 000 0 eng
040 ## - CATALOGING SOURCE
Original cataloging agency DLC
Transcribing agency DLC
Modifying agency BD-DhUET
082 00 - DEWEY DECIMAL CLASSIFICATION NUMBER
Classification number 621.011
Item number ECK/1959
100 ## - MAIN ENTRY--PERSONAL NAME
Personal name Eckert, R. R. G.
245 00 - TITLE STATEMENT
Title Heat and mass transfer
250 ## - EDITION STATEMENT
Edition statement 2nd ed.
260 ## - PUBLICATION, DISTRIBUTION, ETC. (IMPRINT)
Place of publication, distribution, etc. New York
Name of publisher, distributor, etc. McGraw-Hill
Date of publication, distribution, etc. 1959
300 ## - PHYSICAL DESCRIPTION
Extent xiv, 530p.
490 1# - SERIES STATEMENT
Series statement McGraw-Hill series in mechanical engineering
650 #0 - SUBJECT ADDED ENTRY--TOPICAL TERM
Topical term or geographic name as entry element Heat-Transmission
700 ## - ADDED ENTRY--PERSONAL NAME
Personal name Drake, Robert M.
942 ## - ADDED ENTRY ELEMENTS (KOHA)
Koha item type General Book
Holdings
Damaged status Piece designation (barcode) Koha normalized classification for sorting Koha issues (times borrowed) Shelving location Date acquired Not for loan Price effective from Sublocation or collection (holding branch) Lost status Koha date last seen Koha full call number Copy number Koha item type Withdrawn status Location (home branch) Source of classification or shelving scheme Koha date last borrowed
 36668621_011000000000000_ECK_1959 Circulation section2014-11-29 2014-11-29Central Library, BUET 2014-11-29621.011/ECK/1959 General Book Central Library, BUET  
 14884621_000000000000000_011ECK1959 Circulation section2014-12-03 2014-12-03Central Library, BUET 2014-12-03621.011/ECK/19592General Book Central Library, BUET  
 11302621_011000000000000_ECK_1959 Circulation section2015-04-12 2015-04-12Central Library, BUET 2015-04-12621.011/ECK/19593General Book Central Library, BUET  
 31276621_011000000000000_ECK_1959 Circulation section2015-04-12 2015-04-12Central Library, BUET 2015-04-12621.011/ECK/19594General Book Central Library, BUET  
 31274621_011000000000000_ECK_1959 Circulation section2015-04-12 2015-04-12Central Library, BUET 2015-04-12621.011/ECK/19595General Book Central Library, BUET  
 31271621_011000000000000_ECK_1959 Circulation section2015-04-12 2015-04-12Central Library, BUET 2015-04-12621.011/ECK/19596General Book Central Library, BUET  
 31272621_011000000000000_ECK_1959 Circulation section2015-04-12 2015-04-12Central Library, BUET 2015-04-12621.011/ECK/19597General Book Central Library, BUET  
 31277621_011000000000000_ECK_19591Circulation section2015-04-13 2015-04-13Central Library, BUET 2021-11-28621.011/ECK/19598General Book Central Library, BUET 2020-03-02
 11301621_011000000000000_ECK_1959 Circulation section2015-04-13 2015-04-13Central Library, BUET 2015-04-13621.011/ECK/19599General Book Central Library, BUET  
 11303621_011000000000000_ECK_1959 Circulation section2015-04-13 2015-04-13Central Library, BUET 2015-04-13621.011/ECK/195910General Book Central Library, BUET  
 24625621_011000000000000_ECK_1959 Circulation section2015-04-13 2015-04-13Central Library, BUET 2015-04-13621.011/ECK/195911General Book Central Library, BUET  
 7652621_011000000000000_ECK_1959 Circulation section2015-04-13 2015-04-13Central Library, BUET 2015-04-13621.011/ECK/195912General Book Central Library, BUET  
 24320621_011000000000000_ECK_1959 Circulation section2015-04-13 2015-04-13Central Library, BUET 2015-04-13621.011/ECK/195913General Book Central Library, BUET  
 24976621_011000000000000_ECK_1959 Circulation section2015-04-13 2015-04-13Central Library, BUET 2015-04-13621.011/ECK/195914General Book Central Library, BUET  
 31275621_011000000000000_ECK_1959 Circulation section2015-04-13 2015-04-13Central Library, BUET 2015-04-13621.011/ECK/195915General Book Central Library, BUET  
 7655621_011000000000000_ECK_1959 Reading section2015-06-16 2015-06-16Central Library, BUET 2015-06-16621.011/ECK/195916General Book Central Library, BUET